[Event "AUS-ch op U20"]
[Site "Perth "]
[Date "2004.01.24"]
[Round "10"]
[White "Colic, Igor"]
[Black "Song, Raymond"]
[Result "0-1"]
[WhiteElo "1332"]
[BlackElo "1790"]
[PlyCount "60"]
[EventDate "2004.01.14"]
[EventType "swiss"]
[EventRounds "11"]
[EventCountry "AUS"]
[SourceTitle "EXT 2006"]
[Source "ChessBase"]
[SourceDate "2005.11.24"]
[SourceVersion "1"]
[SourceVersionDate "2005.11.24"]
[SourceQuality "1"]

1. e4 e6 2. d4 d5 3. exd5 exd5 4. Be2 Bd6 5. Nf3 Ne7 6. 0-0 0-0 7. h3 Nbc6 8. c3 Bf5 9. Bd3 Qd7 10. Bxf5 Qxf5 11. Be3 Ng6 12. Nbd2 Rae8 13. Nh2 Nce7 14. b3 Nf4 15. Qg4 h5 16. Qxf5 Nxf5 17. Bxf4 Bxf4 18. Ndf3 g6 19. Rfe1 h4 20. Ng4 Kg7 21. Nge5 f6 22. Nd3 Bd6 23. Rxe8 Rxe8 24. Re1 Re4 25. Kf1 Kf7 26. Nd2 Rxe1+ 27. Kxe1 b6 28. b4 c6 29. Nb3 Ke6 30. a4 Ne7 0-1

[Event "AUS-ch op U20"]
[Site "Perth "]
[Date "2004.01.23"]
[Round "9"]
[White "Wei, Michael"]
[Black "Colic, Igor"]
[Result "1-0"]
[WhiteElo "1870"]
[BlackElo "1332"]
[PlyCount "57"]
[EventDate "2004.01.14"]
[EventType "swiss"]
[EventRounds "11"]
[EventCountry "AUS"]
[SourceTitle "EXT 2006"]
[Source "ChessBase"]
[SourceDate "2005.11.24"]
[SourceVersion "1"]
[SourceVersionDate "2005.11.24"]
[SourceQuality "1"]

1. e4 e5 2. Nf3 Nf6 3. d4 Nxe4 4. Bd3 d5 5. Nxe5 Bd6 6. 0-0 0-0 7. c4 c6 8. Nc3 Nxc3 9. bxc3 Bxe5 10. dxe5 dxc4 11. Bxc4 Qxd1 12. Rxd1 Nd7 13. e6 Ne5 14. exf7+ Nxf7 15. Ba3 Re8 16. Rd6 Bf5 17. Rad1 Bc2 18. Rd7 Bg6 19. f4 b5 20. Bb3 a5 21. f5 Bh5 22. g4 Kh8 23. Bxf7 Bxf7 24. Rxf7 Re2 25. Rdd7 Rxa2 26. Rxg7 Rxa3 27. Rxh7+ Kg8 28. Rdg7+ Kf8 29. f6 1-0